00408nam a2200133 i 4500001000300000245006500003250001100068260002100079040000800100041000800108080001900116008004100135856009800176bg 0aErgonomia :bzagadnienia przystosowania pracy do człowieka. aWyd.2. aWarszawa,c1974. cBPK apol a331.01:611/612 s pl f |000 0 pol  uhttp://koha.tu.koszalin.pl/cgi-bin/koha/opac-detail.pl?biblionumber=26195yKatalog online BPK